Statistics for Green 19

Click here to take the quiz!

General Stats

  • This quiz has been taken 4 times
  • The average score is 14 of 24

Answer Stats

HintAnswer% Correct
One of the continents containing Germany, Spain, France, England, Poland etcEurope
100%
A electric appliance in the kitchen which pops up breadtoaster
100%
to blow upexplode
75%
a person in army who fightssoldier
75%
having no one present; "He was all ____ at the ballgame."alone
50%
come near to or close to;approach
50%
wake from sleep, stop sleepingawoke
50%
a place lower "He was ____ his brother holding him up"below
50%
a game where one rolls a large ball to hit pins down an aislebowling
50%
an item that absorbs moisture of hot or cold items; a type of traincoaster
50%
to write, to create, to put togethercompose
50%
to take apart as in a pattern or codedecode
50%
gradually wear awayerode
50%
A female host; also the name of a company which produces sweet goodshostess
50%
a type of shoe; a person who wastes timeloafer
50%
To feel sad and alonelonely
50%
solitary or lonelylonesome
50%
to be below something elselower
50%
Someone who possesses somethingowner
50%
stamps; cost of mailing itemspostage
50%
a large picture on paper hung on the wallposter
50%
a place far away from a a center or population often without services; the controller to your tvremote
50%
full of sudssoapy
50%
" I ___ you can go although I am not sure it is a good idea"suppose
50%

Score Distribution

Percentile by Number Answered

Percent of People with Each Score

Your Score History

You have not taken this quiz